Move : (Record no. 20994)
[ view plain ]
| 000 -LEADER | |
|---|---|
| fixed length control field | 02224cam a22003135a 4500 |
| 001 - CONTROL NUMBER | |
| control field | 18533730 |
| 005 - DATE AND TIME OF LATEST TRANSACTION | |
| control field | 20151027145803.0 |
| 008 - FIXED-LENGTH DATA ELEMENTS--GENERAL INFORMATION | |
| fixed length control field | 150316t2015 nyu frb 001 0 eng |
| 020 ## - INTERNATIONAL STANDARD BOOK NUMBER | |
| International Standard Book Number | 9780393246803 (hardcover) |
| 040 ## - CATALOGING SOURCE | |
| Original cataloging agency | PSt/DLC |
| Language of cataloging | eng |
| Transcribing agency | PSt |
| Modifying agency | DLC |
| -- | EG-ScBUE |
| 043 ## - GEOGRAPHIC AREA CODE | |
| Geographic area code | n-us--- |
| 082 04 - DEWEY DECIMAL CLASSIFICATION NUMBER | |
| Classification number | 388.0973 |
| Edition number | 22 |
| Item number | KAN |
| 100 1# - MAIN ENTRY--PERSONAL NAME | |
| Personal name | Kanter, Rosabeth Moss. |
| 9 (RLIN) | 38585 |
| 245 10 - TITLE STATEMENT | |
| Title | Move : |
| Remainder of title | putting America's infrastructure back in the lead / |
| Statement of responsibility, etc | Rosabeth Moss Kanter. |
| 250 ## - EDITION STATEMENT | |
| Edition statement | 1st ed. |
| 260 ## - PUBLICATION, DISTRIBUTION, ETC. (IMPRINT) | |
| Place of publication, distribution, etc | New York : |
| Name of publisher, distributor, etc | W. W. Norton & Company, |
| Date of publication, distribution, etc | c.2015. |
| 300 ## - PHYSICAL DESCRIPTION | |
| Extent | 325 p. ; |
| Dimensions | 25 cm. |
| 500 ## - GENERAL NOTE | |
| General note | Index : p. 305-325. |
| 504 ## - BIBLIOGRAPHY, ETC. NOTE | |
| Bibliography, etc | Includes bibliographical references. |
| 520 ## - SUMMARY, ETC. | |
| Summary, etc | "One of the "50 most powerful women in the world" (The Times), best-selling author Rosabeth Moss Kanter tackles America's most urgent domestic issue. America is stuck: just look at our crumbling roads and bridges, mismanaged railways, old-fashioned and easily overloaded air traffic control system, and perpetual lack of political will to do anything about it all. In contrast, take a trip around the world. Whiz through the "Chunnel" connecting England and France, get high-speed Internet and cell service on a remote mountain in Turkey, or travel in a driverless Mercedes in Germany, and see a future of possibilities that the United States is barely glimpsing. Whether you are a small business owner with rising transportation costs, an environmentally conscious citizen worried about greenhouse gases, a champion for social justice who knows that poorer citizens are often stuck in neighborhoods with the fewest transportation options, or simply a commuter who is all-too-familiar with traffic congestion, Rosabeth Moss Kanter's bold solutions will motivate all of us to move our transportation infrastructure into a cleaner, faster, and more prosperous future"--Provided by publisher. |
| 650 #0 - SUBJECT ADDED ENTRY--TOPICAL TERM | |
| Topical term or geographic name as entry element | Transportation |
| Geographic subdivision | United States. |
| Source of heading or term | BUEsh |
| 650 #0 - SUBJECT ADDED ENTRY--TOPICAL TERM | |
| Topical term or geographic name as entry element | Transportation engineering |
| Geographic subdivision | United States. |
| Source of heading or term | BUEsh |
| 650 #0 - SUBJECT ADDED ENTRY--TOPICAL TERM | |
| Topical term or geographic name as entry element | Migration, Internal |
| Geographic subdivision | United States. |
| Source of heading or term | BUEsh |
| 650 #0 - SUBJECT ADDED ENTRY--TOPICAL TERM | |
| Topical term or geographic name as entry element | Infrastructure (Economics) |
| Geographic subdivision | United States. |
| Source of heading or term | BUEsh |
| 651 ## - SUBJECT ADDED ENTRY--GEOGRAPHIC NAME | |
| Source of heading or term | BUEsh |
| 653 ## - INDEX TERM--UNCONTROLLED | |
| Resource For college | BAEPS, Business Administration |
| Arrived date list | October2015 |
| 655 ## - INDEX TERM--GENRE/FORM | |
| Form subdivision | Reading book |
| -- | 34232 |
| 942 ## - ADDED ENTRY ELEMENTS (KOHA) | |
| Source of classification or shelving scheme | Dewey Decimal Classification |
| Withdrawn status | Item status | Source of classification or shelving scheme | Damaged status | Not for loan | Vendor | Home library | Current library | Shelving location | Date acquired | Source of acquisition | Total Checkouts | Full call number | Barcode | Date last seen | Koha item type |
|---|---|---|---|---|---|---|---|---|---|---|---|---|---|---|---|
| Dewey Decimal Classification | Baccah | Central Library | Central Library | First floor | 27/10/2015 | Purchase | 388.0973 KAN | 000031194 | 15/07/2025 | Book - Borrowing |